Stati per numero di Aborti - Statistics

Statistiche generali
  • Questo quiz è stato fatto 21 volte
  • Il punteggio medio è 8 su 10
Statistiche sulle risposte
Numero di aborti Continente Nazione % Corretto
1 830 000 America del Sud Brasile
95%
16 600 000 Asia India
95%
9 700 000 Asia Cina
90%
1 040 000 America del Nord Messico
85%
1 630 000 Asia Vietnam
85%
1 050 000 Africa Egitto
80%
1 770 000 Asia Indonesia
75%
2 240 000 Asia Pakistan
75%
1 580 000 Asia Bangladesh
70%
2 000 000 Africa Nigeria
70%
Nessun quiz corrispondente trovato
Distribuzione punteggi
Percentuale di utenti per punteggio
Percentile per numero di risposta
I tuoi punteggi nel tempo
Non hai fatto questo quiz